[Event "London Central U2000"]
[Site "London"]
[Date "2022.04.24"]
[Round "4"]
[White "Braine, Anthony"]
[Black "Morgan, Richard J"]
[Result "1/2-1/2"]
[WhiteElo "1534"]
[BlackElo "1588"]
[PlyCount "65"]
[EventDate "2022.04.22"]
[EventType "swiss"]
[EventRounds "5"]
[EventCountry "ENG"]
[SourceTitle "EXT 2024"]
[Source "ChessBase"]
[SourceDate "2023.10.10"]
[SourceVersion "1"]
[SourceVersionDate "2023.10.10"]
[SourceQuality "1"]

1. b4 e5 2. Bb2 d6 3. c4 Nf6 4. Nc3 b6 5. e4 Bb7 6. d3 Be7 7. Nf3 0-0 8. Be2 Nc6 9. b5 Nb8 10. 0-0 c5 11. Ne1 Nbd7 12. Bc1 Qc7 13. f4 exf4 14. Bxf4 Ne5 15. Nf3 Nfd7 16. Nxe5 Nxe5 17. Bxe5 dxe5 18. Nd5 Bxd5 19. exd5 f5 20. Rf3 Bd6 21. Rh3 Rf6 22. Bf3 g5 23. g4 Raf8 24. gxf5 Rxf5 25. Be4 R5f7 26. Qh5 Qe7 27. Re1 Qf6 28. Rf3 Qg7 29. Rxf7 Qxf7 30. Qxg5+ Kh8 31. Qe3 Rg8+ 32. Kh1 Qf4 33. Qxf4 1/2-1/2

[Event "London Central U2000"]
[Site "London"]
[Date "2022.04.24"]
[Round "5"]
[White "Morgan, Richard J"]
[Black "Passariello, Andrea"]
[Result "0-1"]
[WhiteElo "1588"]
[BlackElo "1409"]
[PlyCount "48"]
[EventDate "2022.04.22"]
[EventType "swiss"]
[EventRounds "5"]
[EventCountry "ENG"]
[SourceTitle "EXT 2024"]
[Source "ChessBase"]
[SourceDate "2023.10.10"]
[SourceVersion "1"]
[SourceVersionDate "2023.10.10"]
[SourceQuality "1"]

1. Nf3 b6 2. g3 Bb7 3. Bg2 e6 4. c4 Nf6 5. Nc3 c5 6. 0-0 Nc6 7. d3 Be7 8. a3 0-0 9. b3 a6 10. Bb2 Qc7 11. Qc2 d5 12. cxd5 exd5 13. e4 dxe4 14. dxe4 Nd4 15. Qd1 Rad8 16. Nxd4 cxd4 17. Ne2 Nxe4 18. Rc1 Qb8 19. Bxd4 Bxa3 20. Qc2 Bxc1 21. Rxc1 Rc8 22. Qb2 Rxc1+ 23. Nxc1 f6 24. Bxb6 Ng5 0-1

[Event "London Central U2000"]
[Site "London"]
[Date "2022.04.23"]
[Round "3"]
[White "Morgan, Richard J"]
[Black "Hill, Tom"]
[Result "0-1"]
[WhiteElo "1588"]
[BlackElo "1851"]
[PlyCount "66"]
[EventDate "2022.04.22"]
[EventType "swiss"]
[EventRounds "5"]
[EventCountry "ENG"]
[SourceTitle "EXT 2024"]
[Source "ChessBase"]
[SourceDate "2023.10.10"]
[SourceVersion "1"]
[SourceVersionDate "2023.10.10"]
[SourceQuality "1"]

1. Nf3 c5 2. e4 g6 3. d4 cxd4 4. Nxd4 Bg7 5. c4 Nc6 6. Be3 Nh6 7. Be2 d6 8. Nc3 0-0 9. 0-0 f5 10. f3 f4 11. Bf2 g5 12. Rc1 Nf7 13. Nc2 Nfe5 14. Kh1 Be6 15. Nd5 Qd7 16. b3 Kh8 17. Bg1 Rf7 18. Na3 Raf8 19. Nb5 g4 20. Nbc7 g3 21. Nxe6 Qxe6 22. h3 Qh6 23. Qd2 Nd8 24. Bxa7 Ne6 25. Bd1 Ng5 26. Bd4 Nd3 27. Bxg7+ Rxg7 28. Rc3 Nf2+ 29. Rxf2 gxf2 30. Qxf2 Nxh3 31. Qf1 Rfg8 32. g4 fxg3 33. Kg2 Nf4+ 0-1